Normal view
MARC view
Entry Topical Term
001 - CONTROL NUMBER
- control field: 28041
003 - CONTROL NUMBER IDENTIFIER
- control field: OSt
005 - DATE AND TIME OF LATEST TRANSACTION
- control field: 20230714154630.0
008 - FIXED-LENGTH DATA ELEMENTS
- fixed length control field: 230714|| aca||aabn | a|a d
040 ## - CATALOGING SOURCE
- Original cataloging agency: OSt
- Transcribing agency: OSt
150 ## - HEADING--TOPICAL TERM
- Topical term or geographic name entry element: မြန်မာနိုင်ငံ
- Form subdivision: ယဉ်ကျေးမှုနှင့် ဓလေ့ထုံးစံ။
670 ## - SOURCE DATA FOUND
- Source citation: Work cat.: (OSt): အောင်သိန်း၊ ဆင်ဖြူကျွန်း။ 14537, မြန်မာ့ထိုးကွင်း မင်ကြောင်ဓလေ့ /, ၁၉၈၆။